000
00326 a2200157 4500
001
61376
020
_a
8526216465
040
_c
Anchieta - Pituba
100
_a
Rius, MarĂa
240
1
0
_a
A idade moderna
_l
por
245
1
0
_a
A idade moderna
300
_a
32
362
0
_a
1996
650
4
_a
Literatura juvenil
942
_c
BK
999
_c
61376
_d
61376